| 000 | 00873nam a2200253 i 4500 | ||
|---|---|---|---|
| 001 | 000039829 | ||
| 003 | DO-SdBNP | ||
| 005 | 20231013121935.0 | ||
| 007 | ta | ||
| 008 | 130724s1977 dr r 000 0 spa d | ||
| 040 |
_aDO-SdBNP _bspa _cBNPHU _erda |
||
| 082 | 4 |
_bF198c _222 |
|
| 245 | 0 | 0 | _aExhortación apostólica familiaris consortio de su santidad Juan Pablo II al episcopado, al clero y a los fieles de toda la Iglesia sobre la misión de la familia Cristiana en el mundo actual. |
| 250 | _a2a ed. | ||
| 264 |
_aSanto Domingo : _bMSC, _c1977. |
||
| 300 |
_a171 páginas ; _c21 cm. |
||
| 336 |
_2rdacontent _atexto _btxt |
||
| 337 |
_2rdamedia _asin mediación _bn |
||
| 338 |
_2rdacarrier _avolumen _bnc |
||
| 500 | _aIncluye referencias biográficas y notas al pie de las páginas. | ||
| 590 | _aInventariado, 223/BT | ||
| 910 | _aBtavárez | ||
| 942 |
_2ddc _cLBS1 |
||
| 999 |
_c39319 _d39319 |
||